| 000 | 00773nab a2200241u 4500 | ||
|---|---|---|---|
| 001 | 15752 | ||
| 003 | HDC | ||
| 007 | c| |||a|c|aaaa | ||
| 008 | 210218b20120802my ||||| |||| 00| 0 may d | ||
| 040 | _aHDC | ||
| 100 |
_aBaharom Bakar / _eauthor _910979 |
||
| 245 | 0 |
_aJenama 'T' perkenal produk IKS / _cBaharom Bakar |
|
| 336 |
_atext _2rdacontent |
||
| 337 |
_acomputer _2rdamedia |
||
| 338 |
_aonline resource _2rdacarrier |
||
| 650 |
_asmall and medium enterprises _95226 |
||
| 650 |
_aT Funds _915832 |
||
| 710 | _aBERITA HARIAN | ||
| 856 | _zRequest full-text at [email protected] | ||
| 942 | _2lcc | ||
| 942 | _cNEWS | ||
| 942 | _kNWSC 003750 | ||
| 999 |
_c13068 _d13068 |
||